000
00260nam a2200109Ia 4500
008
190912s9999||||xx |||||||||||||| ||und||
100
_a
Lea,Doug
245
0
_a
Concurrent Programming In java
260
_a
England
_b
McGraw Hill
_c
2000
300
_a
410
942
_c
BK
999
_c
7455
_d
7455